Focus sur: Hathaldir - Tolkien - Statistiques

Statistiques générales
  • Ce quiz a été pris 7 fois
  • Le résultat moyen est 6 sur 8
Statistiques - réponses
Informations recherchées Réponses % Correct
Espèce Homme
100%
Age durant lequel il vécut Premier
100%
Contrée Dorthonion
67%
Groupe auquel il appartient Douze compagnons de Barahir
67%
Première apparition Le Silmarillion
67%
Maison (lignée) Peuple de {Bëor}
67%
Profession et titre Serviteur de la maison de Bëor/Bandit
67%
Surnom Le {Jeune}
33%
Aucun quiz correspondant
Distribution des résultats
% des personnes avec chaque résultat
Percentile par nombre de réponses
Votre historique - résultats
Vous n’avez pas pris ce quiz